000 00739nam a2200181 a 4500
008 120416s1981 ||||||||||||||||| || u
050 _aQH 457 Her
100 _aEhrman, Lee
245 1 0 _aBehaviour genetics and evolution
260 _aNew York
_bMcGraw-Hill
_c1981
300 _axiv, 450p. : ill
350 _a0.00
650 0 _aGENETICS
650 _aEVOLUTION (BIOLOGY)
650 _aHUMAN GENETICS
995 _aANNEX COLLECTION (Main Library)
_D0.00
_e710404
_FCBU-MAIN LIBRARY (Kitwe)
_H1
_I34.50
_jQH 457 Ehr
_M3
_UAVAILABLE
_y015517
_ZAnnex Low-Usage Collection
995 _aMAIN LIBRARY OPEN ACCESS
_D0.00
_e710402
_FCBU-MAIN LIBRARY (Kitwe)
_H4
_I34.50
_jQH 457 Ehr
_M1
_UAVAILABLE
_VMar 11, 2013
_y015515
_ZMain Library Open Access Collection
999 _c84608
_d84608